Procurement and supply chain management / (Record no. 6209)
[ view plain ]
| 000 -LEADER | |
|---|---|
| fixed length control field | 03291cam a2200481 i 4500 |
| 001 - CONTROL NUMBER | |
| control field | on1128886139 |
| 003 - CONTROL NUMBER IDENTIFIER | |
| control field | OCoLC |
| 005 - DATE AND TIME OF LATEST TRANSACTION | |
| control field | 20210125113323.0 |
| 008 - FIXED-LENGTH DATA ELEMENTS--GENERAL INFORMATION | |
| fixed length control field | 191122s2020 enka b 001 0 eng |
| 010 ## - LIBRARY OF CONGRESS CONTROL NUMBER | |
| LC control number | 2019051789 |
| 040 ## - CATALOGING SOURCE | |
| Original cataloging agency | DLC |
| Language of cataloging | eng |
| Description conventions | rda |
| Transcribing agency | DLC |
| Modifying agency | OCLCO |
| -- | OCLCF |
| -- | UKMGB |
| -- | YDX |
| 015 ## - NATIONAL BIBLIOGRAPHY NUMBER | |
| National bibliography number | GBB9K4098 |
| Source | bnb |
| 016 7# - NATIONAL BIBLIOGRAPHIC AGENCY CONTROL NUMBER | |
| Record control number | 019654197 |
| Source | Uk |
| 020 ## - INTERNATIONAL STANDARD BOOK NUMBER | |
| International Standard Book Number | 9781292317915 |
| Qualifying information | paperback |
| 020 ## - INTERNATIONAL STANDARD BOOK NUMBER | |
| International Standard Book Number | 1292317914 |
| Qualifying information | paperback |
| 020 ## - INTERNATIONAL STANDARD BOOK NUMBER | |
| Cancelled/invalid ISBN | 9781292317939 |
| Qualifying information | |
| 020 ## - INTERNATIONAL STANDARD BOOK NUMBER | |
| Cancelled/invalid ISBN | 9781292317953 |
| Qualifying information | epub |
| 029 1# - (OCLC) | |
| OCLC library identifier | UKMGB |
| System control number | 019654197 |
| 035 ## - SYSTEM CONTROL NUMBER | |
| System control number | (OCoLC)1128886139 |
| 042 ## - AUTHENTICATION CODE | |
| Authentication code | pcc |
| 050 00 - LIBRARY OF CONGRESS CALL NUMBER | |
| Classification number | HF5437 |
| Item number | .L97 2020 |
| 082 00 - DEWEY DECIMAL CLASSIFICATION NUMBER | |
| Classification number | 658.7/2 |
| Edition number | 23 |
| 049 ## - LOCAL HOLDINGS (OCLC) | |
| Holding library | TZAA |
| 100 1# - MAIN ENTRY--PERSONAL NAME | |
| Personal name | Lysons, Kenneth, |
| Relator term | author. |
| 240 10 - UNIFORM TITLE | |
| Uniform title | <a href="Purchasing and supply chain management.">Purchasing and supply chain management.</a> |
| 245 10 - TITLE STATEMENT | |
| Title | Procurement and supply chain management / |
| Statement of responsibility, etc | Kenneth Lysons, MA, MEd, PhD, Dipl.PA, Ac.Dip.Ed., DMS, FCIS, FCIPS, FInst M, MILT, Brian Farrington, BSc(Econ), MSc, PhD, FCIPS . |
| 250 ## - EDITION STATEMENT | |
| Edition statement | Tenth Edition. |
| 264 #1 - | |
| -- | Harlow : |
| -- | Pearson Education Limited, |
| -- | 2020. |
| 300 ## - PHYSICAL DESCRIPTION | |
| Extent | xxviii, 716 pages : |
| Other physical details | color illustrations ; |
| Dimensions | 25 cm |
| 336 ## - | |
| -- | text |
| -- | txt |
| -- | rdacontent |
| 336 ## - | |
| -- | still image |
| -- | sti |
| -- | rdacontent |
| 337 ## - | |
| -- | unmediated |
| -- | n |
| -- | rdamedia |
| 338 ## - | |
| -- | volume |
| -- | nc |
| -- | rdacarrier |
| 500 ## - GENERAL NOTE | |
| General note | Revised edition of the authors' Procurement and supply chain management, 2016. |
| 504 ## - BIBLIOGRAPHY, ETC. NOTE | |
| Bibliography, etc | Includes bibliographical references and index. |
| 520 ## - SUMMARY, ETC. | |
| Summary, etc | "Dr Brian Farrington is the author of the tenth edition of this acclaimed book. The output of any book is influenced by many sources, including: - professional feedback from lecturers at Universities and Colleges; their views are invaluable - the Chartered Institute of Procurement and Supply's education syllabus and the Institute's continual quest to enhance standards - legal challenges to procurement decisions - emphasis on environmental and socially responsible procurement - feedback from learners and practitioners - the author's international consultancy experience - the recognition that a procurement specialist has to exercise the highest moral and ethical standards and that some fall short - the challenge presented by cyber security. There are two new chapters, thanks to the foresight of Pearson. Public Sector Procurement is a new chapter, recognising the public sector's impact on the global economy. Public accountability means that scrutiny of decisions is far more open than the private sector. Sustainability & Socially Responsible Procurement is a new chapter, recognising that this is a highly challenging global issue wherein procurement has great influence. More initiatives are necessary. There has been a serious recasting of much of the content. There is an unrivalled opportunity for procurement specialists to manage risk, finance and corporate performance. The author seeks to instil in all procurement specialists the fact that effective and innovative procurement pays a significant part in the management of economies and corporate performance. A01"-- |
| -- | Provided by publisher. |
| 650 #0 - SUBJECT ADDED ENTRY--TOPICAL TERM | |
| Topical term or geographic name as entry element | Purchasing. |
| 650 #0 - SUBJECT ADDED ENTRY--TOPICAL TERM | |
| Topical term or geographic name as entry element | Business logistics. |
| 650 #7 - SUBJECT ADDED ENTRY--TOPICAL TERM | |
| Topical term or geographic name as entry element | Business logistics. |
| Source of heading or term | fast |
| -- | (OCoLC)fst00842759 |
| 650 #7 - SUBJECT ADDED ENTRY--TOPICAL TERM | |
| Topical term or geographic name as entry element | Purchasing. |
| Source of heading or term | fast |
| -- | (OCoLC)fst01084263 |
| 700 1# - ADDED ENTRY--PERSONAL NAME | |
| Personal name | Farrington, Brian, |
| Relator term | author. |
| 994 ## - | |
| -- | C0 |
| -- | TZACH |
No items available.
